000 02305nam a2200349 i 4500
001 768714001
003 CO-MdFUSB
005 20230314124054.0
007 ta
008 230301t1999 -usabo|| |||| 00| 0 eng d
020 _a9780664222307
040 _aCO-MdFUSB
_bspa
_cCO-MdFUSB
_dCO-MdFUSBC
_erda
041 _aspa
082 _223
_a232.97
_bW183
100 _aWalker, Peter,
_eautor
245 _aThe weekend that changed the world :
_bthe mystery of Jerusalem's empty tomb
_c/ Peter Walker
264 1 _aEstados Unidos :
_bWestminster John Knox Press,
_c[1999]
264 4 _c© 1999
300 _a220 páginas
_c; 21.5 cm
336 _2rdacontent
_atexto
_btxt
337 _2rdamedia
_asin mediación
_bn
338 _2rdacarrier
_avolumen
_bnc
505 _aAntorchas en el Jardín: Cita del Jueves por la Noche -- Cruces en el Cráneo: Dolor del Viernes -- Drama en la Tumba: Sorpresa del Domingo -- Resolviendo el Misterio: ¿Jesús Realmente Resucitó? -- Un Hallazgo Antiguo: La Iglesia del Santo Sepulcro -- Un Descubrimiento Moderno: La Tumba del Jardín -- Un Debate Continuo: ¿Dónde Ocurrió? -- Verdad para el Mundo: La Resurrección en el Nuevo Testamento -- Vida para los Muertos: La Resurrección Hoy -- Camino para el Futuro: El Jardín de la Resurrección en Jerusalén.
520 _aEste libro responde preguntas clave que rodean la muerte de Jesús y argumenta que los eventos de ese fatídico fin de semana en Jerusalén cambiaron el mundo para siempre". El volumen rastrea los movimientos de todos los involucrados en su trágica ejecución y sigue la historia hasta la tumba vacía, examinando la improbabilidad de que alguien pudiera resucitar de la muerte". los Evangelios, la arqueología y la historia de la iglesia, y se enfoca en los dos sitios probables: la Tumba del Jardín y la iglesia del Santo Sepulcro". "Walker también explora el impacto de la resurrección de Jesús en los cristianos de entonces y ahora, observando cómo el Garden Tomb ha sido una fuente de inspiración para millones de personas de todo el mundo: "Él no está aquí, porque ha resucitado.
563 _aRústico
630 0 7 _aBiblia.
_pNuevo Testamento
650 7 _9239
_aCristología
653 _aHistoria
942 _cBK
945 _aMiguel
999 _c68474
_d68474